Statistics for Sweden City Suffixes

Click here to take the quiz!

General Stats

  • This quiz has been taken 26 times
  • The average score is 26 of 75

Answer Stats

SuffixPopulationCity% Correct
-holm1 605 030Stockholm
100%
-borg600 473Göteborg
96%
-ala164 535Uppsala
83%
-krona37 166Karlskrona
79%
-köping114 582Linköping
79%
-borg112 496Helsingborg
75%
-köping97 979Norrköping
75%
-vall58 955Sundsvall
75%
-bro125 817Örebro
71%
-köping99 373Jönköping
71%
-tuna70 729Eskilstuna
67%
-tälje75 068Södertälje
63%
89 607Umeå
63%
48 749Luleå
58%
-ås127 799Västerås
58%
-köping18 804Köping
54%
-sund52 616Östersund
54%
-stad70 480Halmstad
54%
-stad65 273Karlstad
54%
36 142Skellefteå
54%
-ås73 649Borås
54%
-by24 693Visby
50%
-krona33 308Landskrona
50%
-tälje21 615Norrtälje
50%
-hult10 714Älmhult
50%
-vik33 436Örnsköldsvik
46%
-köping33 546Nyköping
42%
-hamn20 388Karlshamn
42%
-vik21 441Västervik
42%
-hamn18 785Oskarshamn
38%
-stad41 300Kristianstad
38%
-sjö18 417Nässjö
33%
-vall16 569Hudiksvall
33%
-köping23 467Lidköping
33%
-stad19 904Ystad
33%
-ge43 423Borlänge
33%
-köping17 914Falköping
29%
-köping24 493Enköping
29%
-borg30 668Trelleborg
29%
-holm28 381Ängelholm
29%
-berg27 813Falkenberg
29%
-näs14 372Strängnäs
25%
-landa13 743Vetlanda
25%
-berg35 782Varberg
25%
-sjö10 756Eksjö
25%
-an50 300Trollhättan
21%
-näs13 932Bollnäs
21%
-by13 914Mjölby
21%
-holm24 467Katrineholm
21%
-ala31 400Motala
21%
-tuna9 508Sigtuna
17%
-by13 000Ronneby
17%
-landa22 923Torslanda
17%
-hamn18 730Kristinehamn
13%
-fors7 354Degerfors
13%
-fors6 917Kramfors
13%
-ås27 501Alingsås
13%
-tuna33 331Vallentuna
13%
-sta15 318Bålsta
8%
-ås14 839Tranås
8%
-borg24 095Vänersborg
8%
-sta29 433Märsta
8%
-näs15 795Höganäs
8%
-bo8 364Sjöbo
8%
-bo8 455Habo
8%
-sjö5 710Mullsjö
4%
-sta16 399Avesta
4%
-en25 344Sandviken
4%
-sund11 405Oxelösund
0%
-by16 094Ljungby
0%
-en16 848Boden
0%
-sund13 840Stenungsund
0%
-ge18 975Vasterhaninge
0%
-an8 886Klippan
0%
-en15 618Höllviken
0%

Score Distribution

Percentile by Number Answered

Percent of People with Each Score

Your Score History

You have not taken this quiz